[Event "POLFINAL MISTRZOSTW POLSKI JUNIOROW 2019 - C17"]
[Site "Ustron"]
[Date "1899-12-30"]
[Round "7.5"]
[White "Wierzbicki, Michal"]
[Black "Michalowski, Patryk"]
[Result "0-1"]
[WhiteTitle "I++"]
[BlackTitle "I"]
[WhiteElo "1969"]
[BlackElo "1769"]

1. d4 Nf6 2. Nf3 e6 3. c4 d5 4. Nc3 c6 5. e3 Nbd7 6. Bd3 dxc4 7. Bxc4 b5 8. Bd3
a6 9. e4 c5 10. d5 e5 11. O-O Bd6 12. Qe2 c4 13. Bc2 Nc5 14. Be3 Qc7 15. Rac1
Bd7 16. b3 b4 17. Bxc5 Qxc5 18. Nd1 cxb3 19. axb3 Bb5 20. Qd2 Bxf1 21. Kxf1 Rc8
22. Ne3 Nxe4 23. Qd3 Nc3 24. Qf5 Rc7 25. Nxe5 Nxd5 26. Nxd5 Qxd5 27. Nc4 Qxf5
28. Nxd6+ Ke7 29. Nxf5+ Kf6 30. Ne3 Rd8 31. Ra1 Rd6 32. Ra5 g6 33. Nc4 Re6 34.
Ra4 Rb7 35. Ne3 Ke5 36. Ke2 f5 37. Ra5+ Kd4 38. Kd2 Rb5 39. Ra1 f4 40. Nc4 Rh5
41. Rh1 Rg5 42. g3 Rf6 43. h4 fxg3 44. hxg5 Rxf2+ 45. Ke1 Rxc2 46. Rh4+ Kc3 47.
Ne3 Rh2 48. Rg4 Kxb3 49. Rxg3 Ka2 50. Nc4 b3 51. Kd1 Rc2 52. Rg4 Rxc4 53. Rxc4
b2 54. Kd2 b1=Q 55. Ra4+ Kb3 56. Rxa6 Qc2+ 57. Ke3 Qc3+ 58. Kf2 Qd2+ 59. Kg3 Qe3+
60. Kh4 Qf2+ 0-1

[Event "POLFINAL MISTRZOSTW POLSKI JUNIOROW 2019 - C17"]
[Site "Ustron"]
[Date "1899-12-30"]
[Round "7.6"]
[White "Bujalski, Mateusz"]
[Black "Cisek, Kamil"]
[Result "1-0"]
[WhiteTitle "I"]
[BlackTitle "I+"]
[WhiteElo "1650"]
[BlackElo "1963"]

1. e4 e5 2. Nf3 Nc6 3. Bc4 Bc5 4. c3 Nf6 5. d3 d6 6. a4 a6 7. Bg5 O-O 8. O-O Bg4
9. Nbd2 Qe7 10. Qe2 Nd8 11. h3 Bh5 12. g4 Bg6 13. d4 Bb6 14. d5 h6 15. Bh4 Bh7
16. g5 hxg5 17. Bxg5 c6 18. Bd3 Re8 19. c4 Kh8 20. Kh2 Rg8 21. Rg1 Bc5 22. Rg2
b6 23. Rag1 Nb7 24. Nh4 Qd7 25. Bxf6 gxf6 26. Qf3 Qe7 27. Nf5 Qc7 28. Rg4 Rxg4
29. Rxg4 Rg8 30. Rh4 Rg5 31. Rh6 Bb4 32. Nf1 cxd5 33. h4 dxe4 34. Bxe4 d5 35.
hxg5 dxe4 36. Qh5 1-0

[Event "POLFINAL MISTRZOSTW POLSKI JUNIOROW 2019 - C17"]
[Site "Ustron"]
[Date "1899-12-30"]
[Round "7.7"]
[White "Namyslak, Piotr"]
[Black "Wloch, Mikolaj"]
[Result "1/2-1/2"]
[WhiteTitle "I"]
[BlackTitle "I"]
[WhiteElo "1725"]
[BlackElo "1868"]

1. c4 e5 2. Nc3 Nf6 3. g3 c6 4. Bg2 Bc5 5. e3 d6 6. Nge2 O-O 7. O-O Be6 8. d4 Bb6
9. d5 cxd5 10. Nxd5 Nxd5 11. Bxd5 Bxd5 12. Qxd5 Qc7 13. Rd1 Rd8 14. Nc3 Qc6 15.
b3 Na6 16. Ba3 Bc5 17. Bxc5 Nxc5 18. b4 Qxd5 19. cxd5 Nd7 20. Rac1 Nf6 21. e4
Rac8 22. f3 a6 23. Na4 Nd7 24. Kf2 Kf8 25. Ke3 b5 26. Nb2 Nb6 27. Kd2 Ke7 28.
Rc3 Rxc3 29. Kxc3 Rc8+ 30. Kb3 g6 1/2-1/2

[Event "POLFINAL MISTRZOSTW POLSKI JUNIOROW 2019 - C17"]
[Site "Ustron"]
[Date "1899-12-30"]
[Round "7.8"]
[White "Rogala, Milosz"]
[Black "Kukula, Karol"]
[Result "1-0"]
[WhiteTitle "II+"]
[BlackTitle "I"]
[WhiteElo "1812"]
[BlackElo "1757"]

1. e4 c5 2. Nf3 e6 3. d4 cxd4 4. Nxd4 Nf6 5. Nc3 Nc6 6. Nxc6 bxc6 7. e5 Nd5 8.
Ne4 Qc7 9. f4 Qb6 10. c4 Ne3 11. Qd3 Bb4+ 12. Bd2 Ba6 13. b3 O-O-O 14. Bxb4 Qxb4+
15. Kf2 Nf5 16. Rd1 Qb6+ 17. Ke2 h5 18. g3 f6 19. Nd6+ Nxd6 20. exd6 e5 21. fxe5
Rde8 22. Rd2 Rxe5+ 23. Kd1 Bb7 24. Bh3 c5 25. Re1 Rxe1+ 26. Kxe1 Re8+ 27. Re2
Rxe2+ 28. Kxe2 Qc6 29. Kd2 Qa6 30. a4 Qc6 31. Bf5 g5 32. h4 Qh1 33. Qe3 Bc6 34.
Qe8+ Kb7 35. Bxd7 Qh2+ 36. Kc1 Qg1+ 37. Kc2 Qf2+ 38. Kb1 Qg1+ 39. Ka2 Qg2+ 40.
Ka3 gxh4 41. gxh4 Qh1 42. Bxc6+ Qxc6 43. d7 Qh1 44. Qc8+ 1-0

[Event "POLFINAL MISTRZOSTW POLSKI JUNIOROW 2019 - C17"]
[Site "Ustron"]
[Date "1899-12-30"]
[Round "7.9"]
[White "Majocha, Piotr"]
[Black "Ossolinski, Ziemowit"]
[Result "1/2-1/2"]
[WhiteTitle "I++"]
[BlackTitle "I+"]
[WhiteElo "1803"]
[BlackElo "1765"]

1. d4 Nf6 2. Nf3 d5 3. g3 g6 4. Bg2 Bg7 5. c4 c6 6. O-O O-O 7. Nbd2 Nbd7 8. Qc2
Nb6 9. b3 Bf5 10. Qd1 Ne4 11. Bb2 Nxd2 12. Nxd2 dxc4 13. Nxc4 Nxc4 14. bxc4 Qb6
15. Bc3 c5 16. dxc5 Qxc5 17. Bxg7 Kxg7 18. Bxb7 Rab8 19. Bd5 e6 20. Bg2 Rfd8 21.
Qa4 Rb4 22. Qa3 Qxc4 23. Rac1 Qd4 24. e3 Qb6 25. Rc6 Qb8 26. Qc3+ Kg8 27. h4 e5
28. Rc5 Rb5 29. Rxb5 Qxb5 30. Qc7 Rd7 1/2-1/2

[Event "POLFINAL MISTRZOSTW POLSKI JUNIOROW 2019 - C17"]
[Site "Ustron"]
[Date "1899-12-30"]
[Round "7.10"]
[White "Tomkowicz, Kamil"]
[Black "Dytman, Radoslaw"]
[Result "1/2-1/2"]
[WhiteTitle "I"]
[BlackTitle "I"]
[WhiteElo "1616"]
[BlackElo "1758"]

1. e4 d5 2. exd5 Nf6 3. c4 c6 4. dxc6 Nxc6 5. Be2 e5 6. d3 Bf5 7. a3 Nd4 8. Nf3
Nxe2 9. Qxe2 Bxd3 10. Qxe5+ Be7 11. Qb5+ Qd7 12. Nc3 O-O-O 13. Qxd7+ Nxd7 14.
Nd5 Bd6 15. Be3 Kb8 16. Nd2 Ne5 17. b3 b5 18. Nb4 Bxb4 19. axb4 Nc6 20. Bc5 Rhe8+
21. Kd1 bxc4 22. bxc4 Bxc4 23. Kc2 Bd3+ 24. Kc3 Bg6 25. Nf3 Re2 26. Rhd1 Rxd1
27. Rxd1 Rc2+ 28. Kb3 Re2 29. Nd4 Nxd4+ 30. Rxd4 a6 31. Rd7 Re6 32. Bd4 Kc8 33.
Ra7 Kb8 34. Bc5 1/2-1/2

[Event "POLFINAL MISTRZOSTW POLSKI JUNIOROW 2019 - C17"]
[Site "Ustron"]
[Date "1899-12-30"]
[Round "7.11"]
[White "Bojczewski, Mateusz"]
[Black "Skowron, Mateusz"]
[Result "1/2-1/2"]
[WhiteTitle "I+"]
[BlackTitle "I"]
[WhiteElo "1895"]
[BlackElo "1582"]

1. e4 c6 2. d4 d5 3. e5 Bf5 4. h4 h6 5. g4 Bd7 6. Nd2 e6 7. Nb3 Qc7 8. Nf3 b6 9.
Bg2 c5 10. dxc5 bxc5 11. c4 Bc6 12. cxd5 Bxd5 13. Be3 Nd7 14. Rc1 Rc8 15. O-O
Qb7 16. Ne1 Bxg2 17. Nxg2 Nxe5 18. Nxc5 Bxc5 19. Bxc5 Nf6 20. Qa4+ Nfd7 21. Bd6
Nc6 22. Rc2 Nb6 23. Qb5 a6 24. Qb3 Na5 25. Rxc8+ Nxc8 26. Qa4+ Qb5 27. Qd4 Nxd6
28. Qxd6 Nc4 29. Qd4 O-O 30. b3 Ne5 31. f3 Rc8 32. Ne3 Nc6 33. Qc4 Qe5 34. Ng2
a5 35. Rd1 Ne7 36. Qa6 Qc5+ 37. Kh1 Nd5 38. Qd3 Qc2 39. Qd2 Nb4 40. Ne3 1/2-1/2

[Event "POLFINAL MISTRZOSTW POLSKI JUNIOROW 2019 - C17"]
[Site "Ustron"]
[Date "1899-12-30"]
[Round "7.12"]
[White "Kozlowski, Pawel"]
[Black "Golinski, Kacper"]
[Result "1-0"]
[WhiteTitle "I"]
[BlackTitle "I"]
[WhiteElo "1850"]
[BlackElo "1736"]

1. f4 d5 2. Nf3 Bf5 3. b3 e6 4. Bb2 Nf6 5. e3 Be7 6. Be2 O-O 7. O-O c5 8. Ne5 Nbd7
9. g4 Bg6 10. f5 exf5 11. gxf5 Bd6 12. Nxd7 Qxd7 13. Bxf6 Bxf5 14. Bb2 Rfe8 15.
Rf2 Re6 16. Rg2 d4 17. Na3 Rae8 18. Bb5 Qc7 19. Bxe8 Bxh2+ 20. Rxh2 Rg6+ 21. Rg2
Rxg2+ 22. Kxg2 Be4+ 23. Kf1 Qh2 24. Qg4 Qh1+ 25. Qg1 Qh3+ 26. Ke1 Bf3 27. d3 Qh4+
28. Kd2 dxe3+ 29. Qxe3 Qh2+ 30. Kc3 1-0

[Event "POLFINAL MISTRZOSTW POLSKI JUNIOROW 2019 - C17"]
[Site "Ustron"]
[Date "1899-12-30"]
[Round "7.13"]
[White "Grzegorski, Michal"]
[Black "Gazda, Dominik"]
[Result "1-0"]
[WhiteTitle "I"]
[BlackTitle "I"]
[WhiteElo "1747"]
[BlackElo "1640"]

1. e4 e5 2. Nf3 Nc6 3. Bb5 f5 4. Nc3 fxe4 5. Nxe4 Nf6 6. Nxf6+ Qxf6 7. Qe2 Be7
8. O-O Nd4 9. Nxd4 exd4 10. Re1 c6 11. Bd3 d5 12. b3 Bd7 13. Ba3 1-0

[Event "POLFINAL MISTRZOSTW POLSKI JUNIOROW 2019 - C17"]
[Site "Ustron"]
[Date "1899-12-30"]
[Round "7.14"]
[White "Kukorowski, Jan"]
[Black "Marciniak, Leonard"]
[Result "1-0"]
[WhiteTitle "I+"]
[BlackTitle "I+"]
[WhiteElo "1837"]
[BlackElo "1634"]

1. e4 c5 2. Nf3 Nc6 3. Bb5 Qc7 4. O-O a6 5. Bxc6 dxc6 6. h3 e5 7. d3 Bd6 8. Nbd2
Ne7 9. Nc4 f6 10. Qe2 Be6 11. Nxd6+ Qxd6 12. Be3 O-O-O 13. Nd2 g5 14. f3 a5 15.
Qf2 b6 16. a4 Kb7 17. b4 cxb4 18. Bxb6 Ra8 19. Bc5 Qc7 20. c3 bxc3 21. Rab1+ Kc8
22. Nc4 Bxc4 23. dxc4 Rb8 24. Rxb8+ Kxb8 25. Qc2 Ka8 26. Qxc3 Nc8 27. Rb1 Rd8
28. Be3 Rd7 29. Kh2 h5 30. Bb6 Nxb6 31. Qxa5+ Qa7 32. Qxb6 Qxb6 33. Rxb6 Rc7 34.
c5 h4 35. Kg1 Ka7 36. Kf2 Rc8 37. g3 Rb8 38. gxh4 gxh4 39. a5 Rc8 40. Ke3 Rc7
41. f4 Rg7 42. f5 Rg3+ 43. Kf2 Rxh3 44. Rxc6 Ra3 45. Rxf6 Rxa5 46. Re6 Rxc5 47.
f6 Rc2+ 48. Kg1 Rc1+ 49. Kg2 h3+ 50. Kxh3 Rf1 51. Kg4 Rf4+ 52. Kg5 Rxe4 53. f7
Rf4 54. Rf6 1-0

[Event "POLFINAL MISTRZOSTW POLSKI JUNIOROW 2019 - C17"]
[Site "Ustron"]
[Date "1899-12-30"]
[Round "7.15"]
[White "Grochowski, Michal"]
[Black "Szeliga, Sebastian"]
[Result "1/2-1/2"]
[WhiteTitle "I"]
[BlackTitle "I"]
[WhiteElo "1778"]
[BlackElo "1473"]

1. c4 b6 2. Nf3 Bb7 3. g3 Nf6 4. Bg2 e6 5. O-O c5 6. d3 Be7 7. a3 O-O 8. Nbd2 d5
9. Rb1 Nc6 10. Qc2 Rc8 11. e3 Qc7 12. b3 Rfd8 13. Bb2 Ne8 14. Rfd1 Bf6 15. Bxf6
Nxf6 16. b4 Qe7 17. b5 Nb8 18. a4 Qc7 19. Ra1 Nbd7 20. Ra3 Ra8 21. Rda1 a6 22.
cxd5 Nxd5 23. d4 Rdc8 24. e4 N5f6 25. bxa6 Rxa6 26. e5 Nd5 27. Ng5 g6 28. Qe4
cxd4 29. Qh4 h5 30. f4 Ne3 31. Bh3 Qc6 32. Kf2 Nf5 33. Bxf5 exf5 34. e6 fxe6 35.
Ngf3 Qc5 36. Rd3 Bxf3 37. Nxf3 Qb4 38. Rad1 Rxa4 39. Rxd4 Qc5 40. Kg2 Rxd4 41.
Rxd4 Qc6 42. Qe7 Nf8 43. Rd6 Qe4 44. Rd2 Rc3 45. Kh3 Qxf3 46. Rd8 Qg4+ 47. Kg2
Rc2+ 48. Kg1 Rc1+ 49. Kf2 Rc2+ 50. Kg1 b5 1/2-1/2

[Event "POLFINAL MISTRZOSTW POLSKI JUNIOROW 2019 - C17"]
[Site "Ustron"]
[Date "1899-12-30"]
[Round "7.16"]
[White "Kocierz, Pawel"]
[Black "Sandomierski, Cyprian"]
[Result "0-1"]
[WhiteTitle "II"]
[BlackTitle "I"]
[WhiteElo "1350"]
[BlackElo "1645"]

1. Nf3 Nc6 2. d4 e6 3. g3 d5 4. Bg2 Nf6 5. O-O Bd6 6. Bg5 Bd7 7. c4 dxc4 8. e4
h6 9. Bxf6 gxf6 10. Nbd2 b5 11. e5 fxe5 12. Nxe5 Bxe5 13. dxe5 Rb8 14. f4 Nb4
15. Ne4 Nd3 16. Qh5 Qe7 17. Rfd1 Kd8 18. Qe2 Kc8 19. b3 Bc6 20. bxc4 bxc4 21.
Rab1 Rb6 22. Rxb6 axb6 23. Kf1 Rd8 24. Qc2 Qb4 25. Nd6+ cxd6 26. Bxc6 Qc5 27.
exd6 Qxc6 28. Rxd3 Qh1+ 0-1

[Event "POLFINAL MISTRZOSTW POLSKI JUNIOROW 2019 - C17"]
[Site "Ustron"]
[Date "1899-12-30"]
[Round "7.18"]
[White "Drygas, Wojciech"]
[Black "Lambrecht, Tomasz"]
[Result "0-1"]
[WhiteTitle "II"]
[BlackTitle "I"]
[WhiteElo "1477"]
[BlackElo "1745"]

1. e4 c5 2. Nf3 g6 3. c4 Bg7 4. d4 Qb6 5. dxc5 Qxc5 6. Be2 d6 7. O-O Nf6 8. Nc3
Nc6 9. Be3 Qa5 10. Nd4 Bd7 11. h3 O-O 12. Rc1 Rfe8 13. b3 Rac8 14. Qc2 a6 15.
Nxc6 Bxc6 16. a4 Nd7 17. Bd2 Qb6 18. Bg4 e6 19. Nd5 Qd8 20. Nb4 Ne5 21. Nxc6 Nxc6
22. b4 Ne5 23. Be2 Nxc4 24. Bxc4 d5 25. exd5 exd5 26. b5 axb5 27. Bxb5 Rxc2 28.
Rxc2 Re4 29. Rfc1 Bf8 30. Rc8 Qh4 31. Bd7 Kg7 32. g3 Qf6 33. Bg4 Bd6 0-1

[Event "POLFINAL MISTRZOSTW POLSKI JUNIOROW 2019 - C17"]
[Site "Ustron"]
[Date "1899-12-30"]
[Round "7.19"]
[White "Karas, Kacper"]
[Black "Zolkiewski, Jakub"]
[Result "1/2-1/2"]
[WhiteTitle "II"]
[BlackTitle "I"]
[WhiteElo "1133"]
[BlackElo "1752"]

1. c4 Nf6 2. d4 c5 3. d5 b5 4. cxb5 a6 5. b6 Qxb6 6. Nc3 d6 7. g3 g6 8. Bg2 Bg7
9. Nf3 O-O 10. Nd2 Nbd7 11. O-O a5 12. h3 Ba6 13. Re1 Ne8 14. Qa4 Qc7 15. Nc4
Nb6 16. Nxb6 Qxb6 17. e4 Nc7 18. f4 Nb5 19. Nxb5 Qxb5 20. Qxb5 Bxb5 21. e5 Rac8
22. Bd2 a4 23. Bc3 Rfd8 24. exd6 exd6 25. Bxg7 Kxg7 26. Re7 Re8 27. Rae1 Kf8 28.
Rxe8+ Rxe8 29. Rxe8+ Kxe8 30. a3 Kd7 31. Kf2 Kc7 32. Ke3 Kd8 33. Ke4 1/2-1/2

[Event "POLFINAL MISTRZOSTW POLSKI JUNIOROW 2019 - C17"]
[Site "Ustron"]
[Date "1899-12-30"]
[Round "7.20"]
[White "Drozdzal, Michal"]
[Black "Rudzinski, Damian"]
[Result "0-1"]
[WhiteTitle "II+"]
[BlackTitle "II"]
[WhiteElo "1509"]
[BlackElo "1015"]

1. e4 d6 2. d4 Nf6 3. Nc3 g6 4. Be3 Bg7 5. f3 O-O 6. Qd2 e5 7. d5 c5 8. h4 Nh5
9. g4 Nf4 10. Bxf4 exf4 11. Qxf4 Qa5 12. Nge2 Qb6 13. O-O-O Nd7 14. h5 Ne5 15.
hxg6 fxg6 16. Qh2 h6 17. Ng1 Kh7 18. g5 h5 19. Be2 Rh8 20. Nh3 Qd8 21. Rhg1 Kg8
22. Rdf1 Bd7 23. Nf4 Qe8 24. Nd3 Nf7 25. Nf4 Ne5 26. Ng2 b5 27. f4 b4 28. fxe5
Bxe5 29. Nf4 bxc3 30. b3 a5 31. Kd1 a4 32. Bd3 axb3 33. cxb3 Ra7 34. Qc2 Kh7 35.
Bc4 Bb5 36. Bxb5 Qxb5 37. Ne6 Rha8 38. a4 Qb4 39. Rh1 Rb8 40. Rxh5+ gxh5 41. g6+
Kg8 42. g7 Bxg7 43. Rg1 Qxb3 44. Qxb3 Rxb3 45. e5 Rb1+ 46. Ke2 Rxg1 0-1

[Event "POLFINAL MISTRZOSTW POLSKI JUNIOROW 2019 - C17"]
[Site "Ustron"]
[Date "1899-12-30"]
[Round "7.21"]
[White "Bienias, Michal"]
[Black "Kucza, Arkadiusz"]
[Result "0-1"]
[WhiteTitle "III"]
[BlackTitle "II"]
[WhiteElo "1285"]
[BlackElo "1384"]

1. d4 Nf6 2. c4 g6 3. Nc3 Bg7 4. e4 O-O 5. f4 d6 6. Nf3 Nbd7 7. Be2 c5 8. d5 Ne8
9. O-O f5 10. exf5 Rxf5 11. Ng5 Nb6 12. Bd3 Bd4+ 13. Kh1 Rf8 14. Qe1 Bf6 15. f5
gxf5 16. Bxf5 Bxg5 17. Bxh7+ Kg7 18. Rxf8 Kxf8 19. Bxg5 Nf6 20. Bd3 Kg7 21. Qh4
Qh8 22. Qxh8+ Kxh8 23. Rf1 Kg7 24. b3 Nbd7 25. Ne4 Nxe4 26. Bxe4 Nf6 27. Bd3 Bd7
28. Re1 Kf7 29. g3 a6 30. a4 Rb8 31. Kg2 b5 32. axb5 axb5 33. h3 bxc4 34. bxc4
Rb2+ 35. Re2 Rb3 36. Bxf6 Kxf6 37. Bc2 Rc3 38. g4 Rxc4 39. Bb3 Rc3 40. Ba2 Ra3
41. Bc4 Rc3 42. Ba2 Bb5 43. Rb2 Bd3 44. h4 Be4+ 45. Kf2 c4 46. Rd2 Rf3+ 47. Ke2
c3 48. Rd4 Ke5 49. Rxe4+ Kxe4 50. Bb1+ Kf4 51. g5 Rh3 52. g6 Rxh4 53. Kd3 Rh3+
54. Kd4 Rg3 55. g7 Rxg7 56. Kxc3 Ke5 57. Ba2 Rg4 58. Bc4 Rd4 59. Bb3 Rxd5 0-1

[Event "POLFINAL MISTRZOSTW POLSKI JUNIOROW 2019 - C17"]
[Site "Ustron"]
[Date "1899-12-30"]
[Round "8.1"]
[White "Iwanczuk, Krzysztof"]
[Black "Zerebiec, Maurycy"]
[Result "0-1"]
[WhiteTitle "I"]
[BlackTitle "I"]
[WhiteElo "1857"]
[BlackElo "1825"]

1. e4 e6 2. Nc3 d5 3. Nf3 Nf6 4. e5 Nfd7 5. d4 Be7 6. Bd3 b6 7. O-O Ba6 8. Bxa6
Nxa6 9. Qe2 Nab8 10. Bf4 c6 11. Rad1 h6 12. Rfe1 Qc8 13. Qe3 Na6 14. Ne2 Nb4 15.
Qd2 a5 16. c3 Na6 17. Qd3 Nc7 18. Bg3 Qa6 19. Qc2 c5 20. Nf4 g6 21. Nxg6 fxg6
22. Qxg6+ Kd8 23. Qg7 Re8 24. Qxh6 Kc8 25. dxc5 bxc5 26. h4 Qc4 27. Nd2 Qg4 28.
c4 Kb7 29. Qh7 Nf8 30. Qc2 Ng6 31. cxd5 exd5 32. Nf3 Rh8 33. e6 Nxh4 34. Nxh4
Bxh4 35. Qxc5 Bxg3 36. fxg3 Qxg3 37. Re3 Qh2+ 38. Kf1 Raf8+ 39. Ke2 Qxg2+ 40.
Kd3 Rf3 41. Rd2 Qf1+ 42. Kc2 Rxe3 43. Qxe3 Qc4+ 44. Qc3 Qe4+ 45. Qd3 Nxe6 46.
Qxe4 dxe4 47. Rd5 Kc6 48. Rxa5 Re8 49. Kd2 Nd4 50. Ra3 Nf5 51. Ke2 e3 52. Rd3
Kc5 53. a3 Nd4+ 54. Ke1 Kd5 55. a4 Ke4 56. Rc3 Rh8 57. Kf1 e2+ 58. Kf2 Rf8+ 0-1

[Event "POLFINAL MISTRZOSTW POLSKI JUNIOROW 2019 - C17"]
[Site "Ustron"]
[Date "1899-12-30"]
[Round "8.2"]
[White "Kulesza, Andrzej"]
[Black "Pytel, Maciej"]
[Result "1-0"]
[WhiteTitle "I+"]
[BlackTitle "k"]
[WhiteElo "1971"]
[BlackElo "1949"]

1. e4 c6 2. d4 d6 3. f4 Nd7 4. Nf3 Qb6 5. Nc3 g6 6. Bc4 h6 7. Bb3 Bg7 8. Qd3 Nf8
9. Be3 Qa5 10. Bd2 Qc7 11. O-O f5 12. e5 d5 13. a4 a5 14. Nd1 e6 15. Ne3 Nh7 16.
c4 Qd8 17. cxd5 exd5 18. Bc2 Ne7 19. b4 g5 20. g3 b6 21. Qb3 O-O 22. bxa5 bxa5
23. Bc1 Ng6 24. Ng2 Ba6 25. Re1 gxf4 26. gxf4 Bc8 27. Ba3 Re8 28. Qc3 Bd7 29.
Kh1 Bf8 30. Rg1 Kh8 31. Bxf8 Nhxf8 32. Nfe1 Kh7 33. Qh3 Qb6 34. Nf3 Ra7 35. Bxf5
Bxf5 36. Qxf5 Kh8 37. Qf6+ Kg8 38. Ngh4 Rf7 39. Rxg6+ Nxg6 40. Qxg6+ Kf8 41. Qxh6+
1-0

[Event "POLFINAL MISTRZOSTW POLSKI JUNIOROW 2019 - C17"]
[Site "Ustron"]
[Date "1899-12-30"]
[Round "8.3"]
[White "Michalowski, Patryk"]
[Black "Distel, Pawel"]
[Result "1/2-1/2"]
[WhiteTitle "I"]
[BlackTitle "I"]
[WhiteElo "1769"]
[BlackElo "1809"]

1. e4 d6 2. d4 Nf6 3. Nc3 g6 4. Be3 Bg7 5. Qd2 Ng4 6. O-O-O Nxe3 7. fxe3 Bg4 8.
Nf3 c6 9. Be2 Bxf3 10. Bxf3 Qa5 11. h4 h6 12. Kb1 Nd7 13. h5 g5 14. Bg4 O-O-O
15. Rhf1 Rhf8 16. Rf5 Qc7 17. Rdf1 Bf6 18. Ne2 Kb8 19. c4 c5 20. b3 a6 21. Nc3
Qa5 22. R5f2 Nb6 23. Nd5 Qxd2 24. Rxd2 Nxd5 25. cxd5 b6 26. Kc2 Kc7 27. Kd3 Rb8
28. Rc2 Kb7 29. Rfc1 Ka7 30. a3 Rb7 31. b4 Rfb8 32. e5 dxe5 33. dxc5 bxc5 34.
Rxc5 e4+ 35. Kc2 Rb5 36. Kb3 Be5 37. Bf5 Bd6 38. Rxb5 Rxb5 39. Bxe4 f5 40. Bxf5
Rxd5 41. Be4 Re5 42. Rc4 g4 43. a4 Rxh5 44. Bd3 Rd5 45. Be2 Rd2 46. Bxg4 Rxg2
47. b5 1/2-1/2

[Event "POLFINAL MISTRZOSTW POLSKI JUNIOROW 2019 - C17"]
[Site "Ustron"]
[Date "1899-12-30"]
[Round "8.4"]
[White "Bujalski, Mateusz"]
[Black "Rogala, Milosz"]
[Result "1-0"]
[WhiteTitle "I"]
[BlackTitle "II+"]
[WhiteElo "1650"]
[BlackElo "1812"]

1. e4 c6 2. d4 d5 3. e5 c5 4. c3 Nc6 5. Nf3 Bg4 6. Be2 e6 7. O-O Bxf3 8. Bxf3 cxd4
9. cxd4 Qb6 10. Be3 Nge7 11. Qd2 Nf5 12. Rd1 Bb4 13. Nc3 O-O 14. Qd3 Rac8 15.
Nxd5 Qd8 16. a3 Be7 17. Nxe7+ Nfxe7 18. Be4 Ng6 19. f4 Qe7 20. Rac1 Rfd8 21. d5
exd5 22. Bxd5 Kh8 23. Qe4 h6 24. Qf5 Rc7 25. Bxc6 Rxc6 26. Rxd8+ Qxd8 27. Rxc6
bxc6 28. g3 Qd1+ 29. Kf2 Qb3 30. Bd4 Qd5 31. Bc3 Ne7 32. Qh5 Qc5+ 33. Kg2 Qc4
34. Qg4 Qe4+ 35. Qf3 Qc2+ 36. Qf2 Qe4+ 37. Qf3 Qc2+ 38. Kh3 Nd5 39. f5 Kg8 40.
f6 g6 41. e6 Kf8 42. Bb4+ Nxb4 43. e7+ Ke8 44. axb4 Qc4 45. g4 g5 46. Qd1 1-0

[Event "POLFINAL MISTRZOSTW POLSKI JUNIOROW 2019 - C17"]
[Site "Ustron"]
[Date "1899-12-30"]
[Round "8.5"]
[White "Grochol, Kamil"]
[Black "Zareba, Maciej"]
[Result "1-0"]
[WhiteTitle "I"]
[BlackTitle "I"]
[WhiteElo "1896"]
[BlackElo "1796"]

1. e4 d5 2. exd5 Nf6 3. d4 Nxd5 4. Nf3 Bg4 5. Be2 e6 6. O-O Bd6 7. Ne5 Bxe2 8.
Qxe2 c6 9. c4 Ne7 10. Rd1 Qc7 11. Nc3 Ng6 12. Nf3 O-O 13. g3 Nd7 14. h4 Nf6 15.
Ne4 Nxe4 16. Qxe4 Qd7 17. h5 f5 18. Qe2 Nh8 19. h6 g6 20. Ne5 Qe7 21. f4 Rad8
22. Kg2 Nf7 23. Nxf7 Qxf7 24. Be3 Rfe8 25. Rab1 Qf8 26. Rh1 Be7 27. b4 Bf6 28.
Qf2 Rd7 29. c5 Red8 30. Rbd1 e5 31. fxe5 Bxe5 32. Rhe1 Bf6 33. a3 Rd5 34. Qa2
Kh8 35. Qc4 g5 36. Rh1 Qe7 37. Rhe1 Qd7 38. a4 f4 39. Bf2 Rf8 40. Re4 Qg4 41.
Rde1 Rf5 42. Qd3 f3+ 43. Kg1 Qh3 44. Qf1 Qxh6 45. g4 Rf4 46. Bg3 Rxe4 47. Rxe4
Qg7 48. Qf2 Rd8 49. Qxf3 Bxd4+ 50. Kg2 Qf6 51. Qe2 Bc3 52. Re8+ Rxe8 53. Qxe8+
Kg7 54. Qd7+ Qf7 55. Qd3 Qd5+ 56. Qxd5 cxd5 57. b5 Kf7 58. Bb8 a5 59. c6 Ke7 60.
cxb7 Bd4 61. Bg3 Ba7 62. b6 1-0

[Event "POLFINAL MISTRZOSTW POLSKI JUNIOROW 2019 - C17"]
[Site "Ustron"]
[Date "1899-12-30"]
[Round "8.6"]
[White "Ossolinski, Ziemowit"]
[Black "Maciejewski, Kamil"]
[Result "0-1"]
[WhiteTitle "I+"]
[BlackTitle "I+"]
[WhiteElo "1765"]
[BlackElo "2007"]

1. e4 e5 2. Nf3 Nc6 3. Bc4 Nf6 4. O-O Bc5 5. Nc3 O-O 6. d3 d6 7. h3 Be6 8. Bg5
h6 9. Bh4 g5 10. Bg3 Nh5 11. Bh2 Nf4 12. Na4 Qf6 13. Nxc5 dxc5 14. Bxf4 exf4 15.
c3 Rad8 16. Qc2 h5 17. Bxe6 fxe6 18. Qe2 Rd7 19. e5 Qf5 20. Rad1 g4 21. hxg4 hxg4
22. Nh2 Rg7 23. d4 cxd4 24. cxd4 f3 25. Qd3 Qh5 26. Qe4 Kh8 27. Rfe1 Rh7 28. gxf3
Qxh2+ 29. Kf1 gxf3 30. Qg4 Rg7 0-1

[Event "POLFINAL MISTRZOSTW POLSKI JUNIOROW 2019 - C17"]
[Site "Ustron"]
[Date "1899-12-30"]
[Round "8.7"]
[White "Wloch, Mikolaj"]
[Black "Grzegorski, Michal"]
[Result "1/2-1/2"]
[WhiteTitle "I"]
[BlackTitle "I"]
[WhiteElo "1868"]
[BlackElo "1747"]

1. e4 c5 2. Nf3 d6 3. d4 cxd4 4. Nxd4 Nf6 5. Nc3 a6 6. Be2 e5 7. Nb3 Be6 8. Be3
d5 9. exd5 Nxd5 10. Nxd5 Bxd5 11. O-O Be7 12. c4 Bc6 13. Qxd8+ Bxd8 14. Rad1 Nd7
15. Nc5 Bc7 16. Nxd7 Bxd7 17. Bf3 O-O-O 18. Bd5 f6 19. Bc5 Bc6 20. Bxc6 bxc6 21.
b4 Rxd1 22. Rxd1 Rd8 23. Rxd8+ Kxd8 24. a4 Kd7 25. f3 Ke6 26. Kf2 h5 27. Ke3 f5
28. h3 g6 29. Kd3 Bd8 30. Ke3 Bc7 31. a5 Bd6 32. Bxd6 Kxd6 33. Kd3 Kc7 34. Ke3
Kd6 35. Kf2 h4 36. g3 hxg3+ 37. Kxg3 g5 38. Kf2 Kc7 39. Ke3 Kd6 40. Kd3 Kc7 41.
Kc3 Kd6 42. Kc2 Kc7 43. Kd2 Kd6 1/2-1/2

[Event "POLFINAL MISTRZOSTW POLSKI JUNIOROW 2019 - C17"]
[Site "Ustron"]
[Date "1899-12-30"]
[Round "8.8"]
[White "Dytman, Radoslaw"]
[Black "Kozlowski, Pawel"]
[Result "0-1"]
[WhiteTitle "I"]
[BlackTitle "I"]
[WhiteElo "1758"]
[BlackElo "1850"]

1. Nf3 g6 2. g3 Bg7 3. Bg2 d6 4. d3 Nd7 5. O-O h6 6. e4 e6 7. c3 a6 8. a4 b6 9.
Be3 Bb7 10. Qc2 Ne7 11. Nbd2 g5 12. h4 g4 13. Nh2 h5 14. f3 f5 15. exf5 Nxf5 16.
Bg5 Bf6 17. fxg4 Bxg2 18. Kxg2 hxg4 19. Bxf6 Qxf6 20. Rae1 Nxh4+ 21. Kg1 Nf5 22.
Ne4 Qg6 23. Qe2 O-O-O 24. Rf4 Qh5 25. Rf2 Ne5 26. Nf6 Qh3 27. Qe4 Kb8 28. Ree2
Nxg3 29. Qg2 Nxe2+ 30. Rxe2 Nf3+ 31. Nxf3 gxf3 32. Qxh3 Rxh3 33. Rh2 Rxh2 34.
Kxh2 f2 35. Kg2 f1=Q+ 36. Kxf1 Rf8 0-1

[Event "POLFINAL MISTRZOSTW POLSKI JUNIOROW 2019 - C17"]
[Site "Ustron"]
[Date "1899-12-30"]
[Round "8.9"]
[White "Namyslak, Piotr"]
[Black "Majocha, Piotr"]
[Result "0-1"]
[WhiteTitle "I"]
[BlackTitle "I++"]
[WhiteElo "1725"]
[BlackElo "1803"]

1. c4 e5 2. Nc3 Nf6 3. g3 c6 4. Bg2 d5 5. cxd5 cxd5 6. d3 d4 7. Ne4 Nxe4 8. Bxe4
Bd6 9. Bd2 O-O 10. h4 Qb6 11. b3 Be6 12. Nh3 h6 13. f4 f5 14. Bg2 Nd7 15. Nf2
exf4 16. Bxf4 Bxf4 17. gxf4 Nf6 18. Qd2 Bd5 19. O-O Bxg2 20. Kxg2 Nd5 21. Kh2
Rae8 22. Nd1 Qg6 23. Qa5 Rxe2+ 24. Rf2 Rxf2+ 25. Nxf2 Nxf4 26. Rg1 Qh5 27. Rxg7+
Kxg7 28. Qe5+ Kh7 29. Qxf4 Rg8 30. Kh3 Qg6 31. Qf3 Rg7 32. Kh2 Qd6+ 33. Kh1 Qc6
34. Qxc6 bxc6 35. Kh2 Re7 36. Kg3 Re2 37. Kf3 Rxa2 38. Nh3 Ra3 0-1

[Event "POLFINAL MISTRZOSTW POLSKI JUNIOROW 2019 - C17"]
[Site "Ustron"]
[Date "1899-12-30"]
[Round "8.10"]
[White "Skowron, Mateusz"]
[Black "Tomkowicz, Kamil"]
[Result "1-0"]
[WhiteTitle "I"]
[BlackTitle "I"]
[WhiteElo "1582"]
[BlackElo "1616"]

1. e4 e5 2. Nf3 Nc6 3. Bb5 Bc5 4. O-O Nd4 5. Nxd4 Bxd4 6. c3 Bb6 7. d4 c6 8. Ba4
d6 9. Na3 Nf6 10. Re1 O-O 11. Bg5 h6 12. Bh4 Qe7 13. Nc4 Bc7 14. Bc2 g5 15. Bg3
Bg4 16. Qd3 Nh5 17. h3 Be6 18. d5 Nxg3 19. Qxg3 Bd7 20. Rad1 cxd5 21. exd5 f5
22. Bb3 f4 23. Qf3 Kh8 24. Bc2 b5 25. Nxe5 dxe5 26. d6 Bxd6 27. Qd5 Bc7 28. Qxd7
Rf7 29. Qxb5 Rb8 30. Qa6 Bb6 31. Rd5 Rf6 32. Qd3 Bc7 33. Rd7 e4 34. Rxe4 1-0